000 00257nam a2200109Ia 4500
008 190216s9999||||xx |||||||||||||| ||und||
100 _aNambiar M C K
245 0 _aSolved Papers In Advanced Accountancy
260 _bNull
_c1977
300 _a242p
942 _cBK
999 _c4389
_d4389